| 000 | 01322aam a2200505a 44500 | ||
|---|---|---|---|
| 008 | 060718s2006 cat | ||
| 017 | _aB-31145-2006 | ||
| 020 | _a8439371004 | ||
| 041 | _acat | ||
| 041 | _beng | ||
| 041 | _bfre | ||
| 041 | _bger | ||
| 041 | _bita | ||
| 041 | _bspa | ||
| 080 | _a72.03.04(038) | ||
| 100 |
_aCabestany i Fort, Joan-F. _972206 |
||
| 245 | _aDiccionari d'arquitectura romànica catalana | ||
| 245 | _cJoan-F Cabestany i Fort | ||
| 245 | _cM. Teresa Matas i Blanxart | ||
| 260 | _aBarcelona | ||
| 260 | _bTERMCAT, Centre de Terminologia | ||
| 260 | _c2006 | ||
| 300 |
_a225 p. _bil. _c22 cm |
||
| 365 | _b13 | ||
| 365 | _ceuros | ||
| 500 | _aBibliografia. Índexs | ||
| 500 | _aCategoria gramatical, remissions, arbre de camp, sinònims | ||
| 500 | _btermcat | ||
| 520 | _a252 | ||
| 522 | _aCatalunya | ||
| 546 | _acatalà | ||
| 591 | _a9246 | ||
| 592 | _aObra terminològica | ||
| 593 | _aHQ | ||
| 593 | _aUA | ||
| 594 | _a9246 | ||
| 650 |
_aarquitectura _961051 |
||
| 650 |
_aart romànic _966533 |
||
| 700 |
_aMatas i Blanxart, M. Teresa _972204 |
||
| 901 | _c<2006> | ||
| 902 | _a060718 | ||
| 942 |
_cMO _n0 |
||
| 999 |
_c63994 _d63994 |
||